Statistics for Geography General Knowledge

Click here to take the quiz!

General Stats

  • This quiz has been taken 169 times
    (132 since last reset)
  • The average score is 10 of 15

Answer Stats

HintAnswer% Correct
What is the capital of South Korea?Seoul
96%
What is the largest island in the world?Greenland
83%
What country was formerly known as Burma?Myanmar
83%
What was the previous name of Istanbul?Constantinople/Byzantium
80%
What is the tallest waterfall in the world?Angel falls
77%
What strait splits the US and Russia?Bering
76%
What states capital is Juneau?Alaska
73%
What is the longest river in China?Yangtze
71%
What is the deepest point in the world?Mariana trench
69%
What after China, India then the USA is the 4th most populous country? Indonesia
67%
What country is called Suomi in its native language?Finland
66%
What is the largest lake in the world?Caspian sea
62%
What metal is Chile's main export?Copper
46%
What countries two largest cities begin with the letter H?Vietnam
37%
What is the highest peak in England?Scafell Pike
19%

Score Distribution

Percentile by Number Answered

Percent of People with Each Score

Your Score History

You have not taken this quiz since the last reset